000 00429nam a2200181Ia 4500
001 17837
005 20260306171546.0
008 260306s9999||||xx |||||||||||||| ||und||
041 _aESP
082 _a658.3
_bA43E
100 _aAlles, Martha
_eAUT
245 0 _aRol del jefe:
_bcómo ser un buen jefe
260 _c2008
300 _a288 páginas :
_c23 cm.
650 _aGEN
654 _aCAN
942 _cLIB
_dJUS
_fJUS
_2ddc
_n
999 _c17837
_d17837